Περιβαλλοντική χημεία [και] οικοτοξικολογία : διαχείριση οικοσυστημάτων, εκτίμηση οικολογικού κινδύνου

Αποθηκεύτηκε σε:
Λεπτομέρειες βιβλιογραφικής εγγραφής
Κύριος συγγραφέας: Βαλαβανίδης, Αθανάσιος Π., 1945-
Άλλοι συγγραφείς: Βλαχογιάννη, Θωμαϊς
Μορφή: Βιβλίο
Γλώσσα:Greek
Δημοσίευση: Αθήνα : Σύγχρονα Θέματα, 2008.
Θέματα:
Ετικέτες: Προσθήκη ετικέτας
Δεν υπάρχουν, Καταχωρήστε ετικέτα πρώτοι!

MARC

LEADER 00000cam a2200000 i 4500
001 1/8680
008 100624s2008####gr ||| | gre||
020 |a 9789608813038  
035 |l 10108350 
040 |a GR-MY-UA  |b gre  |e aacr 
041 0 |a gre 
082 0 |a 577.27   |2 (22) 
100 1 |a Βαλαβανίδης, Αθανάσιος Π.,   |d 1945- 
245 1 0 |a Περιβαλλοντική χημεία [και] οικοτοξικολογία :   |b διαχείριση οικοσυστημάτων, εκτίμηση οικολογικού κινδύνου /   |c Αθανάσιος Βαλαβανίδης, Θωμαϊς Βλαχογιάννη.  
246 1 |a Περιβαλλοντική χημεία & οικοτοξικολογία :   |b διαχείριση οικοσυστημάτων, εκτίμηση οικολογικού κινδύνου  
260 |a Αθήνα :   |b Σύγχρονα Θέματα,   |c 2008.  
300 |a vii, 389 σ. :   |b εικ., πίν., σχέδια ;   |c 25 εκ.  
504 |a Περιέχει βιβλιογραφικές παραπομπές.  
650 0 0 |a Environmental toxicology. 
650 0 0 |a Environmental chemistry. 
650 0 0 |a Biotic communities. 
650 0 0 |a Ecological risk assessment. 
700 1 |a Βλαχογιάννη, Θωμαϊς. 
852 |a INST  |b LESVOS  |e 20100625  |h 577.27 ΒΑΛ  |p 005100047880  |q 005100047880  |t BK  |y 0 
852 |a INST  |b LESVOS  |e 20100625  |h 577.27 ΒΑΛ  |p 005100047881  |q 005100047881  |t BK  |y 0 
852 |a INST  |b LESVOS  |e 20100625  |h 577.27 ΒΑΛ  |p 005100047882  |q 005100047882  |t BK  |y 0 
901 |a BIBL1-2010-2 
909 |a Λ  |b 165683 
909 |a Λ  |b 165684 
909 |a Λ  |b 165685 
970 |a ΓΙΑΛΑΜΑ  |b ΜΑΡΙΑ  |z 2010/06/24